| 000 -LEADER |
| fixed length control field |
00530cam a2200193 a 4500 |
| 001 - CONTROL NUMBER |
| control field |
18481 |
| 003 - CONTROL NUMBER IDENTIFIER |
| control field |
BD-DhUAP |
| 005 - DATE AND TIME OF LATEST TRANSACTION |
| control field |
20200311113546.0 |
| 008 - FIXED-LENGTH DATA ELEMENTS--GENERAL INFORMATION |
| fixed length control field |
200311s1990 enk 001 0 eng |
| 020 ## - INTERNATIONAL STANDARD BOOK NUMBER |
| International Standard Book Number |
9780571143726 |
| 040 ## - CATALOGING SOURCE |
| Original cataloging agency |
BD-DhUAP |
| Transcribing agency |
BD-DhUAP |
| Modifying agency |
BD-DhUAP |
| Language of cataloging |
Eng |
| 082 00 - DEWEY DECIMAL CLASSIFICATION NUMBER |
| Classification number |
821.912 HEA |
| Edition number |
23 |
| 100 1# - MAIN ENTRY--PERSONAL NAME |
| Personal name |
Heaney, Seamus. |
| 245 10 - TITLE STATEMENT |
| Title |
New selected poems : |
| Remainder of title |
1966-1987 / |
| Statement of responsibility, etc. |
Seamus Heaney. |
| 260 ## - PUBLICATION, DISTRIBUTION, ETC. |
| Place of publication, distribution, etc. |
London : |
| Name of publisher, distributor, etc. |
Faber and Faber, |
| Date of publication, distribution, etc. |
c1990. |
| 300 ## - PHYSICAL DESCRIPTION |
| Extent |
x, 245 pages ; |
| Dimensions |
20 cm. |
| 650 ## - SUBJECT ADDED ENTRY--TOPICAL TERM |
| Topical term or geographic name entry element |
English poetry. |
| 942 ## - ADDED ENTRY ELEMENTS (KOHA) |
| Source of classification or shelving scheme |
|
| Koha item type |
Book |